El Futuro Museo Arqueológico Subamarino /
Colección:
San Jorge,
; núm. 23 (juliol 1956), pàg 26-27
Idioma:
Español
MARC
| LEADER | 00000naa a2200000 a 4500 | ||
|---|---|---|---|
| 003 | Arxiu | ||
| 005 | 20260324181508.0 | ||
| 008 | 160829s1956 spcaxx s spa c | ||
| 040 | |a AGDB | ||
| 100 | 1 | |a Lleget, Marius, |9 33903 |d 1917-1988 | |
| 245 | 1 | 3 | |a El Futuro Museo Arqueológico Subamarino / |c por Mario Lleget |
| 490 | |a San Jorge, |v núm. 23 (juliol 1956), pàg 26-27 | ||
| 650 | |a Arqueologia submarina |x Catalunya |9 33904 | ||
| 650 | 0 | |a Arqueologia submarina |x Museus |9 56439 | |
| 773 | |g Núm. 23 (juliol 1956), pàg 26-27 |t San Jorge. | ||
| 901 | |a Arxiu | ||
| 942 | |n 1 |2 udc |c ART | ||
| 952 | |0 0 |1 0 |4 0 |6 REV511 |7 1 |9 66387 |a Arxiu |b Arxiu |d 2023-05-22 |l 0 |o Rev-511 |r 2023-05-22 00:00:00 |w 2023-05-22 |y ARXIU |z També disponible a Rev-525 | ||
| 999 | |c 50079 |d 50079 | ||